| 000 | 00827nam a2200229 a 4500 | ||
|---|---|---|---|
| 001 | BRCA_2211 | ||
| 005 | 20190320203722.0 | ||
| 008 | 961218s1982 mx-a---##b---f000-0#spa-d | ||
| 020 | _a9687153083 | ||
| 040 |
_aNNMM _cNNMM _dDLC |
||
| 050 | 4 |
_aNA5060 _b.T69 1982 |
|
| 100 | 1 |
_aTovar de Teresa, Guillermo _d1956- _9559 |
|
| 245 | 1 | 0 |
_aRenacimiento en México _bartistas y retablos _cGuillermo Tovar de Teresa ; realización y diseño Beatrice Trueblood. |
| 260 |
_aMéxico _bSecretaría de Asentamientos Humanos y Obras Públicas _c1982. |
||
| 300 |
_a359 p. _bil. (algunas a color) _c32 cm. |
||
| 504 | _aBibliografía: p. 353-355 | ||
| 650 | 1 | 4 |
_aArte renacentista _zMéxico. _96614 |
| 650 | 1 | 4 |
_aRetablos renacentistas _zMéxico. _96661 |
| 650 | 1 | 4 |
_aArte mexicano. _92321 |
| 700 | 1 |
_aTrueblood, Beatrice _9615 |
|
| 942 |
_2lcc _cB |
||
| 999 |
_c1967 _d1967 |
||